000 01888nam a2200409 i 4500
999 _c5434
_d5434
001 ocm014619832
003 Uk
005 20250918093456.0
008 180712s2008 enka e 000 1 eng d
020 _a9780194789004
040 _aEYA
_cEYA
_dUk
_dCaOL
_dKH8
_erda
082 _a428.6 TWA
100 1 _aBullard, Nick,
_eauthor.
245 1 4 _aThe adventures of Tom Sawyer /
_cMark Twain ; retold by Nick Bullard ; illustrated by Paul Fisher Johnson.
264 1 _aOxford, [England] :
_bOxford University Press,
_c2008.
264 4 _c©2008.
300 _a56 pages :
_billustrations ;
_c20 cm.
336 _atext
_2rdacontent.
337 _aunmediated
_2rdamedia.
338 _avolume
_2rdacarrier.
490 1 _aOxford bookworms library. Stage 1, Classics.
500 _aIncluded in the reader: story and activities.
500 _aFirst published in Oxford Bookworms 1998.
520 _a"Tom Sawyer does not like school. He does not like work, and he never wants to get out of bed in the morning. But he likes swimming and fishing, and having adventures with his friends. And he has a lot of adventrues. One night, he and his friend Huck Finn go to the graveyard to look for ghosts. They don't see any ghosts that night. They see something worse than a ghost - much, much worse..." --Back cover.
650 0 _aReading comprehension
_vProblems, exercises, etc.
650 0 _aSawyer, Tom (Fictitious character)
_vFiction.
650 0 _aBoys
_zMissouri
_vFiction.
650 0 _aAction and adventure fiction.
_2genre.
650 0 _aHigh interest-low vocabulary books.
_2genre.
650 0 _aReaders (Adult)
_2genre.
650 0 _aReaders for new literates.
_2genre.
700 _aBassett. Jennifer,
_eeditor.
700 _aHedge, Tricia,
_eeditor.
700 _aBaxter, Alison,
_eeditor.
830 0 _aOxford bookworms library.
_pClassics.
_nStage 1.
942 _2ddc
_cTR